Deutsche Landkreise und kreisfreie Städte nach Buchstabe - N - Statistiken

Allgemein
  • Dieses Quiz wurde 181 mal gespielt
  • Das Durchschnittsergebnis liegt bei 12 aus 18
Antwortstatistiken
Bundesland Kreis % Korrekt
Bayern Nürnberg
98%
Saarland Neunkirchen
78%
Schleswig-Holstein Neumünster
74%
Thüringen Nordhausen
73%
Bayern Neumarkt
68%
Schleswig-Holstein Nordfriesland
67%
Rheinland-Pfalz Neuwied
66%
Niedersachsen Nienburg
66%
Bayern Neuburg-Schrobenhausen
65%
Sachsen Nordsachsen
64%
Mecklenburg-Vorpommern Nordwestmecklenburg
62%
Rheinland-Pfalz Neustadt an der Weinstraße
61%
Niedersachsen Northeim
61%
Baden-Württemberg Neckar-Odenwald-Kreis
59%
Bayern Neu-Ulm
58%
Bayern Neustadt an der Waldnaab
55%
Bayern Nürnberger Land
49%
Bayern Neustadt (Aisch)-Bad Windsheim
47%
Keine übereinstimmenden Quizze gefunden
Verteilung der Resultate
Anzahl Personen mit jedem Resultat
Perzentil nach korrekt beantworteten Fragen
Ihre Resultats-Entwicklung
Sie haben dieses Quiz noch nicht gespielt